000 01286nam0a2200301 4500
001 RU\NLR\BIBL_A\011743091
005 20250626121921.0
035 _a(NLR Aleph) 011743091
090 _a11587712
_c11587712
100 _a20180704d2002 |||y0rusy50 ca
101 0 _arus
102 _aRU
105 _aa z 000zy
200 1 _aГильдия мебельщиков: 5-летний опыт
_fД.Н. Ленков
210 _aСанкт-Петербург
_cГильдия мебельщиков
_cСатис
_d2002
215 _a78 с., [4] л. цв. ил.
_d21
300 _aНа 4-й с. обл. авт.: Ленков Д.Н., д.б.н., проф.
601 0 2 _aГильдия мебельщиков
_cСанкт-Петербург, город
_92373050
_3RU\NLR\AUTH\6601637816
686 1 _aУ30(2)616.515.5(2-2СПб)
686 1 _aУ9(2)-13(2-2СПб)
700 1 _aЛенков
_bД. Н.
_f1940-
_gДмитрий Николаевич
942 _cBOOK
980 _aNB